| 000 | 00973nam a2200205Ii 4500 | ||
|---|---|---|---|
| 003 | JO-AjNU | ||
| 008 | 230605s9999||||xx |||||||||||||| ||und|| | ||
| 040 |
_aJO-AjNU _bara _erda _cJO-AjNU |
||
| 041 | _aara | ||
| 050 | 1 | 4 | _aHD2741 .F187 2015 |
| 100 | 3 |
_aالفضل، مؤيد محمد, _eauthor _952007 |
|
| 245 | 0 | 0 | _aالعلاقة بين حوكمة الشركات وجودة الافصاح المحاسبي في ضوء نظرية الوكالة : دراسة اختبارية لحالة العراق |
| 264 | 3 | 1 | _aالقاهرة: المنظمة العربية للتنمية الادارية، 2015 |
| 300 |
_a65ص _bيحتوي على ببلوغرافية من 50-65ص |
||
| 336 |
_atext _btxt _2rdacontent |
||
| 337 |
_aunmediated _bn _2rdamedia |
||
| 338 |
_avolume _bnc _2rdacarrier |
||
| 490 | 0 | _aاصدار خاص عن المجلة العربية للادارة | |
| 650 | 4 |
_aحوكمة الشركات - الافصاح في المحاسبة - العراق _952008 |
|
| 999 |
_aA23012 _c26580 _d26580 |
||